| 000 | 00542nam a22001817a 4500 | ||
|---|---|---|---|
| 003 | CEME | ||
| 005 | 20210628201906.0 | ||
| 008 | 210113b xxu||||| |||| 00| 0 eng d | ||
| 020 | _a9788177588217 | ||
| 040 | _c. | ||
| 082 | _a670 OTT | ||
| 100 |
_aOtto, Kevin, Wood, Kristin _957301 |
||
| 245 | _aProduct design:techniques in reverse engineering and new product development | ||
| 260 |
_aINDIA _bPEARSON EDUCATION _c2014 |
||
| 300 | _aXXI, 1065P | ||
| 650 |
_aPRODUCT DESIGN-TECHNIQUES IN REVERSE ENGINEERING. _957302 |
||
| 942 |
_cBK _2ddc |
||
| 999 |
_c567598 _d567598 |
||